[Event "Duna Kupa (Nõi Nyílt Bajnokság)"]
[Site "Budapest"]
[Date "2015.09.23"]
[Round "1.1"]
[White "Marosi, Levente"]
[Black "Aczel, Gergely"]
[Result "0-1"]
[WhiteElo "2212"]
[BlackElo "2494"]
[PlyCount "160"]
[EventDate "2015.09.23"]
[EventType "swiss"]
[EventRounds "9"]
[EventCountry "HUN"]

1. e4 c5 2. Nf3 e6 3. g3 b6 4. Bg2 Bb7 5. Qe2 d6 6. O-O Nf6 7. Nc3 Nc6 8. Rd1
e5 9. Nd5 Be7 10. c3 O-O 11. d3 Re8 12. Nh4 Nxd5 13. exd5 Nb8 14. Nf5 Bc8 15.
Qf3 Bxf5 16. Qxf5 g6 17. Qg4 Nd7 18. f4 Nf6 19. Qf3 exf4 20. Bxf4 Nh5 21. Re1
Nxf4 22. Qxf4 Rf8 23. Re4 Bf6 24. Qd2 Rb8 25. Rf1 b5 26. Qf2 Be5 27. Kh1 b4 28.
c4 Qc7 29. Bh3 f5 30. Re2 a5 31. Qg2 h5 32. Qf2 Qg7 33. Qe1 a4 34. Qd2 Kh8 35.
Qg5 Rb7 36. Rfe1 Rbf7 37. b3 a3 38. Rf1 Re7 39. Rfe1 Rfe8 40. Bg2 Kg8 41. Bf3
Kh7 42. Kg2 Rf7 43. Qe3 Ref8 44. Rf1 f4 45. Qe4 Qh6 46. d4 Bxd4 47. g4 hxg4 48.
Bxg4 Kg7 49. Qf3 Be5 50. h3 Rf6 51. Rfe1 Qg5 52. Rf1 Qh4 53. Re4 Kh8 54. Re2
Kh7 55. Re4 Rg8 56. Re2 Rf5 57. Re4 Rf6 58. Re2 Kg7 59. Re4 Rgf8 60. Re2 Qg3+
61. Qxg3 fxg3 62. Rxf6 Rxf6 63. Bf3 Rf5 64. Re4 Kf6 65. Rg4 Kf7 66. Re4 Ke7 67.
Rg4 Kf6 68. Re4 g5 69. Rg4 Bf4 70. Be4 Re5 71. Kf3 Re8 72. h4 Be5 73. hxg5+ Kg7
74. Kg2 Rh8 75. Kg1 Bd4+ 76. Kf1 Rf8+ 77. Kg2 Rf2+ 78. Kxg3 Rxa2 79. g6 Rb2 80.
Kf4 Rf2+ 0-1

[Event "Duna Kupa (Nõi Nyílt Bajnokság)"]
[Site "Budapest"]
[Date "2015.09.23"]
[Round "1.2"]
[White "Czebe, Attila"]
[Black "Jamrich, Gyorgy"]
[Result "1-0"]
[WhiteElo "2439"]
[BlackElo "2207"]
[PlyCount "69"]
[EventDate "2015.09.23"]
[EventType "swiss"]
[EventRounds "9"]
[EventCountry "HUN"]

1. Nf3 Nf6 2. c4 e6 3. g3 b6 4. Bg2 Bb7 5. O-O Be7 6. Nc3 Ne4 7. Nxe4 Bxe4 8.
d3 Bb7 9. e4 c5 10. Re1 d6 11. d4 O-O 12. b3 a6 13. Bb2 Ra7 14. Qe2 Nd7 15.
Rad1 Qa8 16. e5 d5 17. Nd2 b5 18. cxd5 Bxd5 19. Bxd5 Qxd5 20. dxc5 Nxc5 21. Nc4
Qa8 22. Nd6 Rd7 23. Ba3 Nb7 24. Nf5 Bxa3 25. Rxd7 exf5 26. e6 Nd6 27. Qe5 f6
28. Qd4 Ne4 29. b4 Qc6 30. Re3 Bc1 31. Qa7 Ng5 32. Rxg7+ Kh8 33. Qe7 Qa8 34. h4
Bxe3 35. hxg5 1-0

[Event "Duna Kupa (Nõi Nyílt Bajnokság)"]
[Site "Budapest"]
[Date "2015.09.23"]
[Round "1.3"]
[White "Boguszlavszkij, Jevgenyij"]
[Black "Almasi, Istvan"]
[Result "0-1"]
[WhiteElo "2204"]
[BlackElo "2409"]
[PlyCount "66"]
[EventDate "2015.09.23"]
[EventType "swiss"]
[EventRounds "9"]
[EventCountry "HUN"]

1. e4 g6 2. d4 Bg7 3. Be3 d6 4. Bc4 Nf6 5. f3 c6 6. Ne2 d5 7. exd5 Nxd5 8. Bf2
Nd7 9. O-O O-O 10. Bb3 a5 11. c4 N5f6 12. Nbc3 Nb6 13. a4 Be6 14. Qd3 Nbd7 15.
Rad1 Bf5 16. Ne4 Nxe4 17. fxe4 Bg4 18. h3 Nc5 19. Qe3 Bxe2 20. Qxe2 Nxb3 21. d5
c5 22. e5 Qb6 23. Bh4 Nd4 24. Qe4 Rae8 25. Bf2 f6 26. Bxd4 cxd4 27. d6 fxe5 28.
Rxf8+ Bxf8 29. d7 Rd8 30. c5 Qxc5 31. Qxb7 Qd6 32. Rf1 Qxd7 33. Qf3 Bg7 0-1

[Event "Duna Kupa (Nõi Nyílt Bajnokság)"]
[Site "Budapest"]
[Date "2015.09.23"]
[Round "1.4"]
[White "Kantor, Gergely"]
[Black "Erdos, Boglarka"]
[Result "1-0"]
[WhiteElo "2403"]
[BlackElo "2186"]
[PlyCount "85"]
[EventDate "2015.09.23"]
[EventType "swiss"]
[EventRounds "9"]
[EventCountry "HUN"]

1. d4 d5 2. c4 c6 3. Nf3 Nf6 4. e3 e6 5. b3 Nbd7 6. Bb2 Bd6 7. Bd3 O-O 8. O-O
b6 9. Nbd2 Bb7 10. Qe2 Re8 11. Ne5 c5 12. cxd5 cxd4 13. Nec4 Bc5 14. exd4 exd5
15. Ne5 Nxe5 16. dxe5 d4 17. f4 Nd5 18. a3 Ne3 19. Rf2 a5 20. Nf3 Qd5 21. Rb1
Ng4 22. Rff1 Rad8 23. b4 axb4 24. axb4 Bxb4 25. Ng5 Ne3 26. Bxh7+ Kf8 27. Be4
Qd7 28. e6 fxe6 29. Qh5 Bc5 30. Bxb7 Nxf1 31. Bc6 Qc7 32. Qh8+ Ke7 33. Qxg7+
Kd6 34. Qxc7+ Kxc7 35. Bxe8 Nd2 36. Nxe6+ Kc8 37. Nxd8 d3+ 38. Kh1 Nxb1 39. Ne6
d2 40. Ba4 b5 41. Bb3 Be3 42. f5 Kd7 43. g4 1-0

[Event "Duna Kupa (Nõi Nyílt Bajnokság)"]
[Site "Budapest"]
[Date "2015.09.23"]
[Round "1.5"]
[White "Polyik, Peter"]
[Black "Szeberenyi, Adam"]
[Result "1-0"]
[WhiteElo "2178"]
[BlackElo "2378"]
[PlyCount "165"]
[EventDate "2015.09.23"]
[EventType "swiss"]
[EventRounds "9"]
[EventCountry "HUN"]

1. d4 Nf6 2. c4 g6 3. Nc3 d5 4. Nf3 Bg7 5. Bg5 dxc4 6. e4 c5 7. d5 b5 8. e5 b4
9. exf6 exf6 10. Qe2+ Kf8 11. Be3 bxc3 12. Bxc5+ Kg8 13. bxc3 Nd7 14. Be7 Qe8
15. Bb4 Bb7 16. O-O-O Qb8 17. Qxc4 Nb6 18. Qb3 Qf4+ 19. Kb1 f5 20. c4 Rb8 21.
a3 a5 22. Bd2 Qd6 23. Bxa5 Bxd5 24. Bb4 Be4+ 25. Ka2 Qc6 26. Be2 Na4 27. Nd4
Qe8 28. Rhe1 Nc5 29. Qe3 Ne6 30. Nb5 h5 31. Bf3 Bc2 32. Rd6 Kh7 33. Bd5 f4 34.
Qd2 Bf5 35. Nc7 Qa4 36. Nxe6 fxe6 37. Bc6 Qa6 38. Bb5 Qb7 39. Rd7 Qxg2 40. Bc3
Rhg8 41. Qxf4 e5 42. Rxg7+ Rxg7 43. Rxe5 Rf8 44. Qd4 Rgf7 45. Re8 Kh6 46. h4
Qf1 47. Qe3+ Kh7 48. Kb3 Qb1+ 49. Ka4 Rxe8 50. Bxe8 Qd1+ 51. Kb4 Qb1+ 52. Ka4
Rb7 53. Bb5 Qd1+ 54. Kb4 Qb1+ 55. Kc5 Qb3 56. Qd4 Qxa3+ 57. Kd5 Qa8 58. Kc5
Qf8+ 59. Qd6 Rc7+ 60. Bc6 Qf7 61. Be5 Rc8 62. Kb6 Be6 63. c5 Kg8 64. Bd4 Qf5
65. Qe5 Qxe5 66. Bxe5 g5 67. hxg5 h4 68. Bd6 h3 69. Be4 Re8 70. c6 Bc8 71. f3
Kf7 72. Kc7 Be6 73. Be5 Bc8 74. Bh2 Ke6 75. Kb6 Rd8 76. f4 Rd2 77. f5+ Kf7 78.
Be5 Re2 79. g6+ Ke7 80. g7 Rxe4 81. g8=Q Rxe5 82. Qxc8 h2 83. Qh8 1-0

[Event "Duna Kupa (Nõi Nyílt Bajnokság)"]
[Site "Budapest"]
[Date "2015.09.23"]
[Round "1.6"]
[White "Madl, Ildiko"]
[Black "Juhasz, Barbara"]
[Result "1/2-1/2"]
[WhiteElo "2366"]
[BlackElo "2175"]
[PlyCount "50"]
[EventDate "2015.09.23"]
[EventType "swiss"]
[EventRounds "9"]
[EventCountry "HUN"]

1. e4 e5 2. Nf3 Nc6 3. Bb5 a6 4. Ba4 Nf6 5. O-O Be7 6. Re1 b5 7. Bb3 d6 8. c3
O-O 9. h3 a5 10. a4 b4 11. d4 bxc3 12. bxc3 exd4 13. cxd4 d5 14. Ne5 Nb4 15.
exd5 Nfxd5 16. Nd2 Nf6 17. Ndf3 Bb7 18. Be3 Nfd5 19. Rc1 Rc8 20. Qe2 Ba6 21.
Bc4 Bxc4 22. Nxc4 c5 23. Nce5 c4 24. Qxc4 Nxe3 25. d5 Nexd5 1/2-1/2

[Event "Duna Kupa (Nõi Nyílt Bajnokság)"]
[Site "Budapest"]
[Date "2015.09.23"]
[Round "1.7"]
[White "Laza, Szabolcs"]
[Black "Vajda, Szidonia"]
[Result "0-1"]
[WhiteElo "2150"]
[BlackElo "2352"]
[PlyCount "70"]
[EventDate "2015.09.23"]
[EventType "swiss"]
[EventRounds "9"]
[EventCountry "HUN"]

1. d4 d5 2. c4 e6 3. Nc3 Nf6 4. cxd5 exd5 5. Bg5 Be7 6. Nf3 c6 7. Qc2 Nbd7 8.
e3 Nf8 9. Bd3 Ne6 10. Bh4 g6 11. O-O Ng7 12. Rab1 a5 13. a3 O-O 14. b4 axb4 15.
axb4 Bf5 16. Bxf5 Nxf5 17. Bxf6 Bxf6 18. b5 Nd6 19. Nd2 Ra3 20. bxc6 bxc6 21.
Na4 Qa8 22. Nb6 Ra2 23. Qc5 Qd8 24. Qxc6 Rxd2 25. Nd7 Be7 26. Nxf8 Bxf8 27.
Qxd5 Qf6 28. Rb6 h5 29. Qa8 Qe7 30. Rb8 Kg7 31. Qa5 Rc2 32. Qa4 Qc7 33. Qa8 Nc8
34. Qb7 Qc4 35. Qd7 Rc1 0-1

[Event "Duna Kupa (Nõi Nyílt Bajnokság)"]
[Site "Budapest"]
[Date "2015.09.23"]
[Round "1.8"]
[White "Reznak, Attila"]
[Black "Dudas, Eszter"]
[Result "1-0"]
[WhiteElo "2340"]
[BlackElo "2145"]
[PlyCount "53"]
[EventDate "2015.09.23"]
[EventType "swiss"]
[EventRounds "9"]
[EventCountry "HUN"]

1. d4 d5 2. c4 c6 3. Nf3 Nf6 4. g3 Bf5 5. Nc3 e6 6. Bg2 h6 7. O-O Nbd7 8. Nd2
Be7 9. a3 a5 10. b3 O-O 11. Bb2 Qb8 12. e4 dxe4 13. Ncxe4 Rd8 14. Qe2 Nxe4 15.
Nxe4 Nf6 16. Rad1 Bxe4 17. Bxe4 Nxe4 18. Qxe4 Bf6 19. Bc1 Qd6 20. Qg4 Kh7 21.
Bb2 Qe7 22. a4 Qb4 23. Rd3 Rd7 24. c5 Rd5 25. Qd1 Rxc5 26. dxc5 Bxb2 27. Qc2
1-0

[Event "Duna Kupa (Nõi Nyílt Bajnokság)"]
[Site "Budapest"]
[Date "2015.09.23"]
[Round "1.9"]
[White "Fodre, Sandor"]
[Black "Hando, Vilmos"]
[Result "0-1"]
[WhiteElo "2139"]
[BlackElo "2332"]
[PlyCount "130"]
[EventDate "2015.09.23"]
[EventType "swiss"]
[EventRounds "9"]
[EventCountry "HUN"]

1. e4 c5 2. c3 Nf6 3. e5 Nd5 4. d4 cxd4 5. Nf3 e6 6. cxd4 d6 7. Bc4 Be7 8. O-O
O-O 9. Qe2 Nc6 10. Rd1 Bd7 11. Qe4 Rc8 12. Bd3 f5 13. exf6 Nxf6 14. Qe2 Nb4 15.
Bc4 Nc2 16. Qxc2 d5 17. b3 b5 18. Ne5 bxc4 19. bxc4 dxc4 20. Nc3 Nd5 21. Rb1
Nxc3 22. Qxc3 Ba4 23. Re1 Qd5 24. Ba3 Bxa3 25. Qxa3 Bc6 26. Nxc6 Rxc6 27. Qxa7
Rd8 28. Rb8 c3 29. Rc1 c2 30. h3 Rcc8 31. Rxc8 Rxc8 32. Qa4 Qe4 33. Qb3 Qe2 34.
Kh2 Kf8 35. Qf3+ Qxf3 36. gxf3 Ke7 37. Kg3 Kd6 38. Kf4 Kd5 39. Ke3 Rc3+ 40. Kd2
Rxf3 41. Rxc2 Rxf2+ 42. Kc3 Rf3+ 43. Kb4 Rxh3 44. a4 Kxd4 45. a5 Rh1 46. Rd2+
Ke5 47. Ra2 Rd1 48. a6 Rd8 49. a7 Ra8 50. Kc5 g5 51. Kb6 h5 52. Kb7 Rxa7+ 53.
Rxa7 h4 54. Kc6 g4 55. Ra5+ Kf4 56. Ra4+ Kf3 57. Ra3+ Kg2 58. Ra2+ Kh3 59. Kd6
g3 60. Kxe6 g2 61. Ra1 Kg3 62. Kf5 h3 63. Ra3+ Kh2 64. Ra2 Kh1 65. Kg4 h2 0-1

[Event "Duna Kupa (Nõi Nyílt Bajnokság)"]
[Site "Budapest"]
[Date "2015.09.23"]
[Round "1.10"]
[White "Rudolf, Anna"]
[Black "Torok, Tamas Titusz"]
[Result "1-0"]
[WhiteElo "2329"]
[BlackElo "2139"]
[PlyCount "97"]
[EventDate "2015.09.23"]
[EventType "swiss"]
[EventRounds "9"]
[EventCountry "HUN"]

1. e4 e5 2. Nf3 Nc6 3. Bb5 Nd4 4. Bc4 Nxf3+ 5. Qxf3 Nf6 6. d3 d6 7. h3 Be7 8.
Nd2 c6 9. c3 O-O 10. Bb3 d5 11. Nf1 Be6 12. Ng3 dxe4 13. dxe4 Bxb3 14. axb3 g6
15. Bh6 Re8 16. Rd1 Qc7 17. Nf5 Nh5 18. O-O Bf8 19. Bg5 f6 20. Nh6+ Bxh6 21.
Bxh6 Qf7 22. Rd6 Re6 23. Rfd1 Rae8 24. Be3 b6 25. b4 g5 26. g3 Ng7 27. Qe2 Rxd6
28. Rxd6 Rc8 29. Qa6 Rc7 30. Rd8+ Ne8 31. Qd3 Kg7 32. Kh2 h6 33. Qd1 Kh7 34.
Qg4 Ng7 35. Rd6 h5 36. Qf3 Kg6 37. Qd1 Ne8 38. Rd8 Ng7 39. Rd6 Ne8 40. Rd8 Ng7
41. b3 Qe7 42. h4 Ne6 43. Rh8 Ng7 44. g4 Ne6 45. gxh5+ Kg7 46. Ra8 Nf4 47. Bxf4
exf4 48. hxg5 Qxe4 49. Qd8 1-0

[Event "Duna Kupa (Nõi Nyílt Bajnokság)"]
[Site "Budapest"]
[Date "2015.09.23"]
[Round "1.11"]
[White "Kormos, Adam"]
[Black "Lyell, Mark"]
[Result "0-1"]
[WhiteElo "2116"]
[BlackElo "2313"]
[PlyCount "82"]
[EventDate "2015.09.23"]
[EventType "swiss"]
[EventRounds "9"]
[EventCountry "HUN"]

1. e4 e5 2. Nf3 Nc6 3. Bb5 f5 4. d3 fxe4 5. dxe4 Nf6 6. O-O Bc5 7. Bc4 d6 8. c3
Qe7 9. b4 Bb6 10. a4 a5 11. b5 Nd8 12. Nbd2 Ne6 13. Ba3 Nf4 14. Bb3 Be6 15.
Bxe6 Qxe6 16. Ng5 Qg8 17. g3 h6 18. Ngf3 Nh3+ 19. Kg2 Qe6 20. Nh4 O-O 21. f3
Ng5 22. Qb3 Qxb3 23. Nxb3 Ne6 24. Rfd1 Rad8 25. Nf5 g6 26. Nxh6+ Kg7 27. Bc1
Rh8 28. Ng4 Nxg4 29. fxg4 Rdf8 30. Ra2 Rf7 31. h4 Rhf8 32. Rd3 Rf2+ 33. Rxf2
Rxf2+ 34. Kh3 Ra2 35. Be3 Bxe3 36. Rxe3 Rxa4 37. b6 c5 38. Nd2 c4 39. h5 Kh6
40. hxg6 Ng5+ 41. Kh4 Ra1 0-1

[Event "Duna Kupa (Nõi Nyílt Bajnokság)"]
[Site "Budapest"]
[Date "2015.09.23"]
[Round "1.12"]
[White "Gara, Anita"]
[Black "Vargyas, Zoltan"]
[Result "1-0"]
[WhiteElo "2307"]
[BlackElo "2094"]
[PlyCount "57"]
[EventDate "2015.09.23"]
[EventType "swiss"]
[EventRounds "9"]
[EventCountry "HUN"]

1. e4 e6 2. d4 d5 3. Nd2 c5 4. Ngf3 cxd4 5. exd5 Qxd5 6. Bc4 Qd6 7. Bb3 Nc6 8.
Nc4 Qd8 9. O-O Bc5 10. Qe2 Nge7 11. Rd1 O-O 12. c3 Nf5 13. Bc2 Qf6 14. b4 b5
15. bxc5 bxc4 16. Qxc4 dxc3 17. Qe4 Bb7 18. Rb1 Qe7 19. Bg5 f6 20. Rxb7 Qxb7
21. Qxe6+ Rf7 22. Qxf5 g6 23. Qe6 fxg5 24. Nxg5 Raf8 25. Bb3 Nd8 26. Qh3 h5 27.
Qxc3 Qe7 28. Nxf7 Nxf7 29. c6 1-0

[Event "Duna Kupa (Nõi Nyílt Bajnokság)"]
[Site "Budapest"]
[Date "2015.09.23"]
[Round "1.13"]
[White "Terbe, Zsuzsanna"]
[Black "Nemeth, Zoltan"]
[Result "1/2-1/2"]
[WhiteElo "2087"]
[BlackElo "2296"]
[PlyCount "87"]
[EventDate "2015.09.23"]
[EventType "swiss"]
[EventRounds "9"]
[EventCountry "HUN"]

1. e4 c5 2. c3 Nf6 3. e5 Nd5 4. Nf3 e6 5. Bc4 Nb6 6. Bb3 c4 7. Bc2 d6 8. exd6
Bxd6 9. O-O Nc6 10. b3 e5 11. Na3 cxb3 12. axb3 O-O 13. d4 Bg4 14. Qd3 g6 15.
Nb5 Bf5 16. Qd1 Bxc2 17. Qxc2 Bb8 18. Rd1 exd4 19. Nbxd4 Qc8 20. Bh6 Re8 21.
Nxc6 Qxc6 22. c4 Nd7 23. Rd2 Ne5 24. Nxe5 Bxe5 25. Rad1 Qf6 26. Be3 h5 27. h3
Rad8 28. Rxd8 Rxd8 29. Rxd8+ Qxd8 30. Qd2 Qc7 31. Qd5 a6 32. Bd4 Bxd4 33. Qxd4
b5 34. cxb5 axb5 35. b4 Qc1+ 36. Kh2 Qf1 37. Qd8+ Kg7 38. Qd4+ Kh7 39. Qf4 Kg8
40. Qb8+ Kg7 41. Qe5+ Kh7 42. Qf4 Qc4 43. Qxc4 bxc4 44. b5 1/2-1/2

[Event "Duna Kupa (Nõi Nyílt Bajnokság)"]
[Site "Budapest"]
[Date "2015.09.23"]
[Round "1.14"]
[White "Balint, Vilmos"]
[Black "Piroska, Istvan"]
[Result "1/2-1/2"]
[WhiteElo "2288"]
[BlackElo "2065"]
[PlyCount "137"]
[EventDate "2015.09.23"]
[EventType "swiss"]
[EventRounds "9"]
[EventCountry "HUN"]

1. Nf3 d5 2. g3 Nf6 3. Bg2 e6 4. O-O c5 5. d4 cxd4 6. Nxd4 Nc6 7. c4 Qb6 8. e3
Nxd4 9. exd4 dxc4 10. Nc3 Bd7 11. Qe2 Bb4 12. Bg5 O-O 13. Bxf6 gxf6 14. Qg4+
Kh8 15. Qf4 f5 16. d5 Qd6 17. Qxc4 Rac8 18. Qb3 a5 19. a3 Bxc3 20. bxc3 exd5
21. Rfd1 Be6 22. Bxd5 a4 23. Qxa4 Bxd5 24. Qd4+ Kg8 25. c4 Rfd8 26. Qxd5 Qxd5
27. cxd5 Rc5 28. Rab1 b5 29. d6 Kg7 30. Rb4 Rd7 31. Rd3 Kf6 32. Rh4 Kg6 33. Kg2
Rc4 34. Rxc4 bxc4 35. Rc3 Rxd6 36. Rxc4 Rd3 37. Rc6+ f6 38. Ra6 h5 39. Ra8 f4
40. gxf4 Kf5 41. a4 Kxf4 42. a5 h4 43. h3 Ra3 44. a6 f5 45. a7 Ra2 46. Kg1 Ra1+
47. Kh2 Ra3 48. Kg2 Ra2 49. Rh8 Rxa7 50. Rxh4+ Kg5 51. Rb4 Ra3 52. Rb8 Kf4 53.
Rg8 Ra7 54. Rg3 Rh7 55. Rf3+ Ke4 56. Rb3 Rg7+ 57. Kh2 f4 58. f3+ Kf5 59. Rb5+
Kf6 60. Rb6+ Kf5 61. Rb5+ Kf6 62. Rb2 Rg3 63. Rf2 Kg5 64. Rg2 Rxg2+ 65. Kxg2
Kh4 66. Kh2 Kg5 67. Kg1 Kh4 68. Kg2 Kg5 69. Kh2 1/2-1/2

[Event "Duna Kupa (Nõi Nyílt Bajnokság)"]
[Site "Budapest"]
[Date "2015.09.23"]
[Round "1.15"]
[White "Fodor, Balazs"]
[Black "Szalanczy, Emil"]
[Result "0-1"]
[WhiteElo "2057"]
[BlackElo "2280"]
[PlyCount "66"]
[EventDate "2015.09.23"]
[EventType "swiss"]
[EventRounds "9"]
[EventCountry "HUN"]

1. d4 c5 2. c4 cxd4 3. Qxd4 Nc6 4. Qd1 Nf6 5. Nc3 e6 6. e3 Bb4 7. Nge2 O-O 8.
a3 Be7 9. Nd4 d5 10. Nxc6 bxc6 11. Be2 e5 12. cxd5 cxd5 13. O-O Be6 14. Qa4 a5
15. Rd1 Qb8 16. Qh4 Ra7 17. Qg3 g6 18. Bf3 Rd8 19. a4 Rad7 20. Be2 Ne4 21. Qf3
h5 22. h3 Bh4 23. g3 Be7 24. Qg2 Qb3 25. Nb5 Qc2 26. Kf1 Ng5 27. g4 hxg4 28.
hxg4 Ne4 29. Nc3 Bh4 30. Nxe4 dxe4 31. Re1 Rd1 32. Qh3 Qxe2+ 33. Kxe2 Bc4# 0-1

[Event "Duna Kupa (Nõi Nyílt Bajnokság)"]
[Site "Budapest"]
[Date "2015.09.23"]
[Round "1.16"]
[White "Goczo, Melinda"]
[Black "Karacsonyi, Gellert"]
[Result "1/2-1/2"]
[WhiteElo "2280"]
[BlackElo "2055"]
[PlyCount "50"]
[EventDate "2015.09.23"]
[EventType "swiss"]
[EventRounds "9"]
[EventCountry "HUN"]

1. d4 f5 2. e4 fxe4 3. Nc3 Nf6 4. Bg5 Nc6 5. d5 Ne5 6. Qd4 Nf7 7. h4 e6 8. dxe6
dxe6 9. Qxd8+ Nxd8 10. O-O-O Nf7 11. Nb5 Bd6 12. Rxd6 cxd6 13. Nc7+ Kd8 14.
Nxa8 Nxg5 15. hxg5 Ne8 16. Rh3 Bd7 17. Ra3 Rf8 18. f3 Bc6 19. Be2 Kc8 20. Rxa7
Kb8 21. Ra3 b5 22. Nb6 Kb7 23. Na8 Kb8 24. Nb6 Kb7 25. Na8 Kb8 1/2-1/2

[Event "Duna Kupa (Nõi Nyílt Bajnokság)"]
[Site "Budapest"]
[Date "2015.09.23"]
[Round "1.17"]
[White "Berta, Sandor"]
[Black "Bodi, Tibor"]
[Result "1/2-1/2"]
[WhiteElo "2051"]
[BlackElo "2261"]
[PlyCount "93"]
[EventDate "2015.09.23"]
[EventType "swiss"]
[EventRounds "9"]
[EventCountry "HUN"]

1. Nf3 d5 2. g3 Nf6 3. Bg2 Bf5 4. d3 e6 5. O-O h6 6. Nbd2 Nbd7 7. Re1 Bc5 8. e4
dxe4 9. dxe4 Bh7 10. h3 e5 11. Nh4 O-O 12. Nf5 Bxf5 13. exf5 c6 14. Nc4 Qc7 15.
Be3 Bxe3 16. Rxe3 Rfe8 17. Qd6 Rac8 18. Rae1 Nb6 19. Qxc7 Rxc7 20. Nxb6 axb6
21. Rxe5 Rxe5 22. Rxe5 Kf8 23. Kf1 Re7 24. Rxe7 Kxe7 25. Ke2 Kd6 26. Ke3 Nd7
27. Kd4 f6 28. f4 Nc5 29. h4 Nd7 30. Bf3 Nc5 31. a3 Na6 32. c4 Nc7 33. Be4 Na6
34. Bf3 Nc7 35. Be4 Na6 36. g4 Nb8 37. Bf3 Nd7 38. b4 Ke7 39. Be4 Kd6 40. Bf3
Ke7 41. c5 bxc5+ 42. bxc5 Kd8 43. a4 Kc7 44. a5 Nb8 45. Be2 Kd7 46. Bc4 Na6 47.
Bxa6 1/2-1/2

[Event "Duna Kupa (Nõi Nyílt Bajnokság)"]
[Site "Budapest"]
[Date "2015.09.23"]
[Round "1.18"]
[White "Keschitz, Gyorgy"]
[Black "Bodrogi, Mihaly"]
[Result "1-0"]
[WhiteElo "2260"]
[BlackElo "2044"]
[PlyCount "79"]
[EventDate "2015.09.23"]
[EventType "swiss"]
[EventRounds "9"]
[EventCountry "HUN"]

1. Nf3 c5 2. g3 Nc6 3. Bg2 g6 4. d3 Bg7 5. O-O Nf6 6. e4 O-O 7. Re1 e5 8. c3 d6
9. a4 a6 10. Bg5 Qc7 11. Na3 Rb8 12. Nc4 b5 13. axb5 axb5 14. Ne3 Ne7 15. d4 h6
16. dxe5 dxe5 17. Bxf6 Bxf6 18. Qd2 Rd8 19. Nd5 Nxd5 20. exd5 Kg7 21. h4 Qd6
22. Nh2 h5 23. Nf1 Bd7 24. Qe3 Ra8 25. Nd2 Bf5 26. Nb3 Rxa1 27. Rxa1 Be7 28.
Re1 c4 29. Na5 Bf6 30. Nb7 Qd7 31. Nxd8 Qxd8 32. Qc5 Qa5 33. d6 Qa4 34. Bd5 Qc2
35. Qc7 Qd2 36. Qxf7+ Kh6 37. Re3 Qd1+ 38. Kg2 Bg7 39. d7 Bd3 40. Rxd3 1-0

[Event "Duna Kupa (Nõi Nyílt Bajnokság)"]
[Site "Budapest"]
[Date "2015.09.23"]
[Round "1.19"]
[White "Trajber, Csaba Dr"]
[Black "Vegh, Endre"]
[Result "0-1"]
[WhiteElo "2031"]
[BlackElo "2259"]
[PlyCount "168"]
[EventDate "2015.09.23"]
[EventType "swiss"]
[EventRounds "9"]
[EventCountry "HUN"]

1. e4 d6 2. d4 Nf6 3. Nc3 c6 4. f4 Qa5 5. Bd3 e5 6. Nf3 Nbd7 7. O-O Be7 8. Kh1
O-O 9. Bd2 Qc7 10. a4 Re8 11. Ne2 exd4 12. Nexd4 Bf8 13. e5 dxe5 14. fxe5 Nxe5
15. Nxe5 Qxe5 16. Bf4 Qh5 17. Qd2 Bg4 18. Rae1 Rad8 19. Nf3 Nd5 20. Bg3 Bc5 21.
Ne5 Bb4 22. c3 Bd6 23. Qf2 Nf6 24. Nxg4 Nxg4 25. Rxe8+ Rxe8 26. Qf3 Bxg3 27.
Qxg3 Ne5 28. Re1 f6 29. Bc2 Rd8 30. Bb3+ Kh8 31. h3 Qf5 32. Qe3 b6 33. Qe2 h6
34. Bc2 Qf4 35. Rd1 Re8 36. Rf1 Qc4 37. Qe1 Rd8 38. Qf2 Qe6 39. Qe2 Qc4 40. Qf2
Qe6 41. Re1 Rd6 42. Qf4 Qe7 43. Qf5 g6 44. Qf4 Kg7 45. Qg3 Qd7 46. Re2 Rd2 47.
Qe1 Rxe2 48. Qxe2 c5 49. Qe4 h5 50. Bb3 a6 51. Bd5 b5 52. axb5 axb5 53. b3 Qd6
54. c4 b4 55. Qe3 Qb6 56. Qe2 Qa5 57. Qd1 Qa2 58. Be6 Qa6 59. Bd7 Qb7 60. Be6
Qc6 61. Bd5 Qd6 62. Qa1 Nd3 63. Qa8 h4 64. Qe8 Nf4 65. Qf7+ Kh6 66. Bf3 Kg5 67.
Qh7 Qe5 68. Qb7 Kh6 69. Qc8 Qe1+ 70. Kh2 Qg3+ 71. Kg1 Nd3 72. Qh8+ Kg5 73. Qd8
Qe1+ 74. Kh2 Nf2 75. Qd5+ Kh6 76. g3 hxg3+ 77. Kxg3 Nd3+ 78. Kh2 Qf2+ 79. Kh1
Nf4 80. Bg2 Qxg2+ 81. Qxg2 Nxg2 82. Kxg2 g5 83. Kf3 f5 84. Kg3 Kh5 0-1

[Event "Duna Kupa (Nõi Nyílt Bajnokság)"]
[Site "Budapest"]
[Date "2015.09.23"]
[Round "1.20"]
[White "Halak, Miklos"]
[Black "Rezsek, Gyozo"]
[Result "1-0"]
[WhiteElo "2253"]
[BlackElo "2015"]
[PlyCount "135"]
[EventDate "2015.09.23"]
[EventType "swiss"]
[EventRounds "9"]
[EventCountry "HUN"]

1. e4 e5 2. Nf3 Nc6 3. Nc3 Be7 4. d4 d6 5. Bb5 exd4 6. Nxd4 Bd7 7. Nxc6 bxc6 8.
Bc4 Nf6 9. O-O O-O 10. f4 Bg4 11. Be2 Bxe2 12. Qxe2 d5 13. e5 Bc5+ 14. Kh1 Re8
15. Qf3 Nd7 16. Qg4 Qe7 17. Re1 Qe6 18. Qh5 g6 19. Qh4 h5 20. Bd2 Qf5 21. Rac1
f6 22. Rf1 Rf8 23. exf6 Nxf6 24. h3 Rae8 25. Qg3 d4 26. Nb1 Ne4 27. Qd3 Bd6 28.
Qc4+ Kh7 29. Rf3 c5 30. Rcf1 h4 31. Be1 Be7 32. Nd2 Bf6 33. Nb3 Re6 34. Nc1
Rfe8 35. Qa4 a6 36. Nd3 Kg7 37. b3 R8e7 38. Kg1 Kh6 39. Qa3 Kg7 40. Qc1 Kh7 41.
Qd1 Rg7 42. Ne5 Bxe5 43. fxe5 Qg5 44. Bxh4 Qxh4 45. Rf4 Qg5 46. Rxe4 Rxe5 47.
Rxe5 Qxe5 48. Re1 Qf6 49. Qf3 Rf7 50. Qxf6 Rxf6 51. Re7+ Kh6 52. Rxc7 Rf5 53.
g4 Re5 54. h4 Re4 55. g5+ Kh5 56. Rxc5 Kxh4 57. Kf2 Kg4 58. a4 Kf4 59. Rc6 Kxg5
60. Rxa6 Rh4 61. Rc6 Kf4 62. Rxg6 Rh2+ 63. Rg2 Rh5 64. Ke2 Rh3 65. Kd2 Rc3 66.
Re2 Kf3 67. Re8 Kf4 68. a5 1-0

[Event "Duna Kupa (Nõi Nyílt Bajnokság)"]
[Site "Budapest"]
[Date "2015.09.23"]
[Round "1.21"]
[White "Marta, Dominik"]
[Black "Havanecz, Bianka"]
[Result "0-1"]
[WhiteElo "2009"]
[BlackElo "2252"]
[PlyCount "112"]
[EventDate "2015.09.23"]
[EventType "swiss"]
[EventRounds "9"]
[EventCountry "HUN"]

1. Nf3 d5 2. g3 Nf6 3. Bg2 e6 4. O-O Be7 5. d4 O-O 6. c4 c6 7. Nc3 Nbd7 8. b3
b6 9. Nd2 Bb7 10. e4 dxe4 11. Ndxe4 e5 12. Nxf6+ Bxf6 13. d5 e4 14. Bb2 cxd5
15. cxd5 Nc5 16. Qd2 Re8 17. Rfe1 Nd3 18. Rxe4 Nxb2 19. Qxb2 Rxe4 20. Bxe4 Rc8
21. Rc1 Qe8 22. Re1 Qf8 23. Re3 Rxc3 24. Rxc3 Qb4 25. Bxh7+ Kh8 26. Qe2 Qxc3
27. Qh5 Qc1+ 28. Kg2 Qg5 29. Qh3 Bxd5+ 30. Be4+ Kg8 31. Qh7+ Kf8 32. f4 Bxe4+
33. Qxe4 Qa5 34. Qa8+ Ke7 35. Qb7+ Kd6 36. Qb8+ Kc5 37. Qc7+ Kb4 38. Qc4+ Ka3
39. Qxf7 Qd2+ 40. Kh3 a5 41. Qe6 b5 42. Qc6 Qd3 43. Qe6 b4 44. Qb6 Kxa2 45.
Qxa5+ Kxb3 46. Kg4 Qe2+ 47. Kh3 Qc4 48. Qf5 Ka2 49. g4 Qc3+ 50. Kg2 b3 51. Qe6
Qd2+ 52. Kg3 Qd3+ 53. Kg2 Ka1 54. Qe1+ Qb1 55. Qe8 b2 56. Qc6 Qa2 0-1

[Event "Duna Kupa (Nõi Nyílt Bajnokság)"]
[Site "Budapest"]
[Date "2015.09.23"]
[Round "1.22"]
[White "Szente Varga, Fruzsina"]
[Black "Csapo, Zoltan"]
[Result "0-1"]
[WhiteElo "2240"]
[BlackElo "2005"]
[PlyCount "96"]
[EventDate "2015.09.23"]
[EventType "swiss"]
[EventRounds "9"]
[EventCountry "HUN"]

1. e4 e5 2. Nf3 Nc6 3. Bb5 Nge7 4. O-O Ng6 5. c3 a6 6. Ba4 d6 7. d4 Be7 8. d5
b5 9. dxc6 bxa4 10. Qxa4 O-O 11. c4 Bg4 12. Nfd2 Bg5 13. Nc3 Bf4 14. Re1 Qg5
15. Nf1 Bxc1 16. Rexc1 h5 17. Nd5 Bf3 18. Ng3 Bxg2 19. Kxg2 h4 20. Rc3 Nf4+ 21.
Kh1 Nxd5 22. cxd5 hxg3 23. Rxg3 Qf4 24. Rag1 g6 25. Qc2 Kg7 26. Qe2 Rh8 27. f3
Rh6 28. Rg4 Qf6 29. R1g2 Rah8 30. Kg1 a5 31. Rf2 Rh3 32. f4 R8h4 33. f5 Rxg4+
34. Qxg4 Rh4 35. Qg2 g5 36. Kf1 g4 37. h3 Qg5 38. hxg4 Qc1+ 39. Ke2 Qxb2+ 40.
Kd3 Rh3+ 41. Qxh3 Qa3+ 42. Kc4 Qxh3 43. Re2 Qxg4 44. Re1 Qg2 45. a3 Qa2+ 46.
Kb5 Qb3+ 47. Kxa5 Qxa3+ 48. Kb5 Qb3+ 0-1